Гидро-геологическое описание территории города Люблина и его окрестностей H. I. Криштафовича: с 3 картами, 1 таблицей и 24 чертежами

Chi tiết về thư mục
Tác giả chính: Криштафович Н. И.
Tóm tắt:Из Записок Ново-Александрийского института Сельскаго Хозяйства и Лисоводства т. XV, вып. 37
Ngôn ngữ:Tiếng Nga
Được phát hành: Варшава, Типография Варшавского учебного округа, 1902
Những chủ đề:
Định dạng: Sách
KOHA link:https://koha.lib.tpu.ru/cgi-bin/koha/opac-detail.pl?biblionumber=318895

MARC

LEADER 00000nam0a2200000 4500
001 318895
005 20231102003126.0
035 |a (RuTPU)RU\TPU\book\344398 
090 |a 318895 
100 |a 20160511d1902 km y0rusy50 ca 
101 0 |a rus 
102 |a PL 
105 |a a z 000zy 
200 1 |a Гидро-геологическое описание территории города Люблина и его окрестностей H. I. Криштафовича   |e  с 3 картами, 1 таблицей и 24 чертежами  |d Hudro-Geologische Beschreibung des Territoriume der Stadt Lublin und Ihrer Umgegenden  |f Н. И. Криштафович 
210 |a Варшава  |c Типография Варшавского учебного округа  |d 1902 
215 |a 293 с.  |c ил. 
300 |a Из Записок Ново-Александрийского института Сельскаго Хозяйства и Лисоводства т. XV, вып. 37 
317 |5 63413507: 19//213  |a В библиотеку Томского Технологического института от автора 
510 1 |a Hudro-Geologische Beschreibung des Territoriume der Stadt Lublin und Ihrer Umgegenden  |z ger 
606 1 |a Гидрогеология  |2 stltpush  |3 (RuTPU)RU\TPU\subj\38647  |9 59032 
610 1 |a орогидрография 
610 1 |a топография 
610 1 |a карты 
610 1 |a геологические данные 
610 1 |a стратиграфические исследования 
610 1 |a водное хозяйство 
610 1 |a водоснабжение 
610 1 |a почвы 
610 1 |a полезные ископаемые 
610 1 |a Польша 
675 |a 556.3  |v 4 
700 1 |a Криштафович  |b Н. И. 
801 1 |a RU  |b 63413507  |c 20160511 
801 2 |a RU  |b 63413507  |c 20200609  |g RCR 
942 |c BK